Nursing outcomes classification (NOC) : (Record no. 276764)
[ view plain ]
| 000 -LEADER | |
|---|---|
| fixed length control field | 04371cam a2200421 a 4500 |
| 001 - CONTROL NUMBER | |
| control field | 17443363 |
| 005 - DATE AND TIME OF LATEST TRANSACTION | |
| control field | 20141110145502.0 |
| 008 - FIXED-LENGTH DATA ELEMENTS--GENERAL INFORMATION | |
| fixed length control field | 120824s2013 moua b 001 0 eng |
| 010 ## - LIBRARY OF CONGRESS CONTROL NUMBER | |
| LC control number | 2012034781 |
| 020 ## - INTERNATIONAL STANDARD BOOK NUMBER | |
| International Standard Book Number | 9780323100106 (pbk. : alk. paper) |
| 020 ## - INTERNATIONAL STANDARD BOOK NUMBER | |
| International Standard Book Number | 0323100104 (pbk. : alk. paper) |
| 035 ## - SYSTEM CONTROL NUMBER | |
| System control number | (DNLM)101591053 |
| 040 ## - CATALOGING SOURCE | |
| Original cataloging agency | DNLM/DLC |
| Transcribing agency | DLC |
| Modifying agency | DLC |
| 042 ## - AUTHENTICATION CODE | |
| Authentication code | pcc |
| 050 00 - LIBRARY OF CONGRESS CALL NUMBER | |
| Classification number | RT 85.5 |
| Item number | .N864 2013 |
| 060 10 - NATIONAL LIBRARY OF MEDICINE CALL NUMBER | |
| Classification number | WY 100.1 |
| 082 00 - DEWEY DECIMAL CLASSIFICATION NUMBER | |
| Classification number | 610.73012 |
| 245 00 - TITLE STATEMENT | |
| Title | Nursing outcomes classification (NOC) : |
| Remainder of title | measurement of health outcomes / |
| Statement of responsibility, etc | editors, Sue Moorhead ... [et al.]. |
| 250 ## - EDITION STATEMENT | |
| Edition statement | 5th ed. |
| 260 ## - PUBLICATION, DISTRIBUTION, ETC. (IMPRINT) | |
| Place of publication, distribution, etc | St. Louis, Mo. : |
| Name of publisher, distributor, etc | Elsevier/Mosby, |
| Date of publication, distribution, etc | c2013. |
| 300 ## - PHYSICAL DESCRIPTION | |
| Extent | xix, 751 pages : |
| Other physical details | illustrations ; |
| Dimensions | 24 cm. |
| 504 ## - BIBLIOGRAPHY, ETC. NOTE | |
| Bibliography, etc | Includes bibliographical references and index. |
| 505 2# - FORMATTED CONTENTS NOTE | |
| Formatted contents note | pt. 1. Overview and use of nursing outcomes classification (NOC). 1. The current classification.The nursing outcomes classification (NOC): what is it? : Definition of an outcome ; Measurement of an outcome ; Use of a reference person for comparison ; Level of abstraction of NOC outcomes ; Sensitivity of the outcomes ; Use by other disciplines -- The nursing outcomes classification: what it is not : The classification is not complete ; NOC outcomes are not prescriptive ; NOC outcomes are not nursing diagnoses ; Outcomes are not assessments -- Frequently asked questions : Who is the patient? ; What do patient outcomes describe? ; At what levels of abstraction should outcomes be developed? ; How should outcomes be stated? ; Why are the outcomes not stated as goals? ; What are nursing-sensitive patient outcomes? ; Are nursing-sensitive patient outcomes the resolution of nursing diagnoses? ; How are the outcomes different from nursing diagnoses? When should patient outcomes be measured? ; At what intervals should the outcomes be assessed and documented? ; How are the outcomes used in standardized care plans/critical paths? ; Why is it necessary for nurses to have their own list of outcomes? ; Why is it important to assess outcomes across care settings? ; Why is it necessary to use the outcome labels when the indicators may be more useful? ; Why is the standardization of outcomes advocated when each patient, caregiver, family, or community/population is unique? ; How do I identify outcomes for use in my practice? ; When is a new outcome developed and how is it done? ; Why are there so many different measurement scales? ; Why do some outcomes have two scales? -- Refinement of the classification: ongoing and future development ; Summary -- 2. Using NOC in clinical, research, and educational settings. Considerations when using NOC in practice : Selecting outcomes ; After outcome selection -- Implementing NOC in clinical settings : Implementation planning -- Implementing NOC in electronic systems -- Implementing NOC in educational programs : Implementation strategies ; Aids for curriculum development and teaching -- Using NOC in research : Evaluating nursing quality and effectiveness -- Licensing NOC outcomes -- Summary -- |
| 505 2# - FORMATTED CONTENTS NOTE | |
| Formatted contents note | pt. 2. NOC taxonomy. Overview of the NOC taxonomy : Historical development of the NOC taxonomy ; Revisions made in the taxonomy since its creation ; Coding of the classification -- |
| 505 2# - FORMATTED CONTENTS NOTE | |
| Formatted contents note | pt. 3. Outcomes. |
| 505 2# - FORMATTED CONTENTS NOTE | |
| Formatted contents note | pt. 4. NOC linkages: health patterns and NANDA international. NOC linkages, health patterns : Nursing outcomes classification (NOC) organized by the eleven health patterns -- NOC linkages, NANDA international diagnoses : Actual nursing diagnoses ; Risk nursing diagnoses ; Health-promotion nursing diagnoses -- |
| 505 2# - FORMATTED CONTENTS NOTE | |
| Formatted contents note | pt. 5. Core outcomes for nursing specialties. Core outcomes for nursing specialties ; Efforts to identify core outcomes -- |
| 505 2# - FORMATTED CONTENTS NOTE | |
| Formatted contents note | pt. 6. Appendixes : A. Outcomes: new, revised, and retired since the fourth edition -- B. Guidelines for submission of a new or revised outcome -- C. Previous editions and translations. |
| 521 ## - TARGET AUDIENCE NOTE | |
| Target audience note | Nursing |
| 650 #0 - SUBJECT ADDED ENTRY--TOPICAL TERM | |
| Topical term or geographic name as entry element | Nursing audit. |
| 650 #0 - SUBJECT ADDED ENTRY--TOPICAL TERM | |
| Topical term or geographic name as entry element | Outcome assessment (Medical care) |
| 650 12 - SUBJECT ADDED ENTRY--TOPICAL TERM | |
| Topical term or geographic name as entry element | Nursing Process |
| General subdivision | standards. |
| 650 22 - SUBJECT ADDED ENTRY--TOPICAL TERM | |
| Topical term or geographic name as entry element | Outcome Assessment (Health Care) |
| General subdivision | standards. |
| 700 1# - ADDED ENTRY--PERSONAL NAME | |
| Personal name | Moorhead, Sue. |
| 906 ## - LOCAL DATA ELEMENT F, LDF (RLIN) | |
| a | 7 |
| b | cbc |
| c | orignew |
| d | 1 |
| e | ecip |
| f | 20 |
| g | y-gencatlg |
| 942 ## - ADDED ENTRY ELEMENTS (KOHA) | |
| Source of classification or shelving scheme | Library of Congress Classification |
| Koha item type | Books |
| Call number prefix | Foreign |
| Withdrawn status | Lost status | Source of classification or shelving scheme | Damaged status | Home library | Current library | Shelving location | Date acquired | Source of acquisition | Sub Shelving location | Total Checkouts | Full call number | Barcode | Date last seen | Price effective from | Koha item type |
|---|---|---|---|---|---|---|---|---|---|---|---|---|---|---|---|
| Library of Congress Classification | College Library | College Library | Reserve Section | 11/10/2014 | Library Fund | RT 85.5 .N864 2013 | C18883 | 05/15/2018 | 11/10/2014 | Books |